China's reality and global vision (Record no. 95389)
[ view plain ]
| 000 -LEADER | |
|---|---|
| fixed length control field | 01698nam a2200361 a 4500 |
| 082 04 - DEWEY DECIMAL CLASSIFICATION NUMBER | |
| Classification number | 658.400951 |
| 245 00 - TITLE STATEMENT | |
| Title | China's reality and global vision |
| 260 ## - PUBLICATION, DISTRIBUTION, ETC. (IMPRINT) | |
| Place of publication | Singapore ; |
| -- | Hackensack, N.J. : |
| Name of publisher | World Scientific, |
| Year of publication | c2012. |
| 300 ## - PHYSICAL DESCRIPTION | |
| Number of Pages | ix, 348 p. : |
| Other physical details | ill. |
| 500 ## - GENERAL NOTE | |
| General note | "This book presents the highlight of the third CSM national annual conference"--P. v. |
| 505 0# - FORMATTED CONTENTS NOTE | |
| Formatted contents note | pt. 1. Current issues in China's economic development -- pt. 2. Management innovations -- pt. 3. Globalization of Chinese enterprises -- pt. 4. Achievements in information technology and knowledge management -- pt. 5. Management challenges from Chinese society. |
| 650 #0 - SUBJECT ADDED ENTRY--TOPICAL TERM | |
| Topical Term | Management |
| Topical Term | Management |
| 700 1# - ADDED ENTRY--PERSONAL NAME | |
| Personal name | Cheng, Siwei. |
| 856 40 - ELECTRONIC LOCATION AND ACCESS | |
| Uniform Resource Identifier | http://site.ebrary.com/lib/rucke/Doc?id=10563554 |
No items available.
